Drama moden Malaysia : Perkembangan dan perubahan

Bibliographic Details
Format: Book
Published: Kuala Lumpur : Dewan Bahasa Dan Pustaka , 1987
Subjects:

MARC

LEADER 00000cam a2200000 7i4500
001 0000015416
005 20080326.0
008 260308
090 0 0 |a 808.82   |b ABD 
245 1 0 |a Drama moden Malaysia :   |b Perkembangan dan perubahan   |c Abdul Rahman Napiah 
260 |a Kuala Lumpur :   |b Dewan Bahasa Dan Pustaka ,   |c 1987 
650 0 |a Drama   |x History and criticism 
999 |a 0000114585   |b Book   |c Adult Collection   |e Cawangan Muar 
999 |a 0000122854   |b Book   |c Adult Collection   |e Cawangan Muar 
999 |a 0001016406   |b Book   |c Adult Collection   |e Perbadanan Perpustakaan Awam Johor